La sabiduría en el pensamiento de Gabriel Marcel

Gespeichert in:
Bibliographische Detailangaben
1. Verfasser: Ramírez Vega, Alexis
Format: Buch
Sprache:Undetermined
Veröffentlicht: San José, Costa Rica Escuela de Filosofía, Universidad de Costa Rica 1973
Schlagworte:
Tags: Tag hinzufügen
Keine Tags, Fügen Sie den ersten Tag hinzu!

MARC

LEADER 00000nam a2200000Ia 4500
008 170316s9999 xx 000 0 und d
040 |a cru BVZT 
090 |a Tesis 215 
100 |a Ramírez Vega, Alexis 
245 |a La sabiduría en el pensamiento de Gabriel Marcel 
260 |a San José, Costa Rica 
260 |b Escuela de Filosofía, Universidad de Costa Rica 
260 |c 1973 
300 |a 451 páginas 
650 |a LICENCIATURA EN FILOSOFÍA 
650 |a TRABAJO FINAL DE GRADUACIÓN 
999 |c 13828  |d 13828 
942 |c TFG  |h Tesis 215  |2 z